Statistics for Interesting Facts True Or False #1

Click here to take the quiz!

General Stats

  • This quiz has been taken 20 times
  • The average score is 8 of 15

Answer Stats

QuestionAnswer% Correct
According to the Global Slavery Index, there are 18 million people living in slavery in India. This is four times greater than the number of slaves in the United States at the peak of American slavery.True
84%
Every U.S. state has increased in population since 1960 with one exception - New Mexico.False
79%
Despite being near the shore of Africa, Madagascar was originally settled by people from the island of Borneo, over 7000 kilometers away.True
79%
The record for the fastest manned jet aircraft is held by the SR-91 Blackbird, whose record speed of 1,258.4 miles per hour was recorded in 1992.False
58%
In 2020, due to Covid, there were 13% fewer miles driven in the U.S. than in 2019. Despite this, traffic fatalities increased by 8%.True
58%
In 1698, Russia created a beard tax to encourage men to shave their beards and look more like men in other parts of Europe.True
58%
About 25.3% of the soldiers who died in the Vietnam War were American.False
53%
The village of Llanfairpwllgwyngyll, in Wales, lengthened its name to Llanfair­pwllgwyngyll­gogery­chwyrn­drobwll­llan­tysilio­gogo­goch for promotional purposes in the 1860s.True
53%
There are over 62 trillion ways to checkmate a player in chess.False
42%
The largest known star, UY Scuti, is estimated to be about 10 billion times larger than the sun by volume.False
42%
A pterodactyl is not a dinosaur.True
37%
The U.S. Air Force accidentally dropped an armed atomic bomb over South Carolina in 1958.False
32%
From 300 B.C. to the present, the number of Greek speakers in the world has held steady at around 10 million.True
32%
Muphry's Law states that anytime you criticize someone's spelling or grammar, there will be a spelling or grammar mistake in your criticism.True
32%
A full-scale nuclear war between the United States and Russia, which together hold more than 85% of the world's nuclear weapons, would kill 120 million people directly and more than 2 billion indirectly by starvation during a 'nuclear winter'.False
21%

Score Distribution

Percentile by Number Answered

Percent of People with Each Score

Your Score History

You have not taken this quiz